000
00315nam a22001457a 4500
020
_a
0-413-19240-7
082
_a
823
_b
MAN/P
100
_a
MANUAL, GOLFING
245
_a
PLAY IT AS IT LIES
260
_a
LONDON
_b
METHUEN LTD
_c
1988
300
_a
128
520
_a
SHORT STORY
650
_a
SHORT STORY
942
_c
BK
999
_c
6196
_d
6196